000 01169nam a22002297a 4500
005 20110209120154.0
008 110209t xxu||||| |||| 00| 0 mar d
010 _aMAR-20564
020 _c100.00
035 _aMR-13222
037 _bDBAD / PUB
040 _aDPL
_bMR
082 _a646.7042
100 _925775
_aवाघ्रळकर,रंजना
245 _aस्त्री स्वास्थ्य आणि सौंदर्य /
_cरंजना वाघ्रळकर तथा गोपालकृष्ण वाघ्रळकर
246 _aStri Swasthya and Saundarya
_bby Ranjana Waghalakar and Gopalkrishna Waghalaka
260 _aनागपूर
_bविजय प्रकाशन
_c2010
270 _aहनुमान गल्ली,सीताबर्डी
_bनागपूर
_e440012
_k0712-2530539
300 _a90पृ
_b21सेमी(अजिल्द)
942 _2ddc
_cMR
_h646.7042
_mवाघ्रळ
999 _c50421
_d50421